[Event "SVK-ch Amateurs"]
[Site "Stara Lubovna"]
[Date "2015.05.08"]
[Round "4"]
[White "Mikulec, Martin"]
[Black "Pribila, Gerhart"]
[Result "1/2-1/2"]
[WhiteElo "1792"]
[BlackElo "2083"]
[PlyCount "150"]
[EventDate "2015.05.07"]
[EventType "swiss"]
[EventRounds "7"]
[EventCountry "SVK"]
[SourceTitle "EXT 2017"]
[Source "ChessBase"]
[SourceDate "2016.10.25"]
[SourceVersion "1"]
[SourceVersionDate "2016.10.25"]
[SourceQuality "1"]

1. e4 c5 2. Nf3 e6 3. c4 Nc6 4. b3 d6 5. Bb2 Nf6 6. d3 Be7 7. g3 0-0 8. Bg2 Nd7 9. 0-0 Bf6 10. Qe2 Bxb2 11. Qxb2 Qf6 12. Qxf6 Nxf6 13. Nc3 a6 14. Rfd1 e5 15. Nd5 Nxd5 16. cxd5 Ne7 17. Nd2 b5 18. a4 Bd7 19. Ra2 Rfb8 20. a5 Rd8 21. Rb2 b4 22. Nc4 Bb5 23. Ra2 Bxc4 24. dxc4 Rf8 25. Rf1 Rad8 26. f3 Ng6 27. Bh3 Rfe8 28. Kg2 Nh8 29. Raf2 Ng6 30. Kg1 Kf8 31. Re2 Ke7 32. Bf5 Nf8 33. Bh3 h6 34. Bg4 Rb8 35. Ra2 Nh7 36. h4 Rh8 37. Kh2 g6 38. Bh3 Nf6 39. g4 Rbf8 40. Raf2 Nd7 41. Kg3 f6 42. Kh2 Rh7 43. Kg3 Rfh8 44. h5 Rg7 45. Kh4 Rhg8 46. hxg6 Rxg6 47. Rg2 Nf8 48. Rfg1 Rg5 49. Kg3 Ng6 50. Kf2 Nf4 51. Rg3 h5 52. Rh1 h4 53. Rgg1 Rh8 54. Ke3 Kf7 55. Rh2 Rg7 56. Rhh1 Kg6 57. Rh2 Kg5 58. Rhh1 Rh6 59. Rh2 Ng6 60. Ra2 Nf4 61. Rh2 Kg6 62. Rhh1 Kf7 63. Rh2 Rg5 64. Rhh1 Rh8 65. Kd2 Kg7 66. Ke3 Rh6 67. Kf2 Kf7 68. Ke3 Rg7 69. Kf2 Rhg6 70. Rd1 Rh6 71. Rdg1 Kg6 72. Rh2 Kg5 73. Rhh1 Nxh3+ 74. Rxh3 Kf4 75. Rgh1 Rgh7 1/2-1/2

[Event "SVK-chT3A2 1415"]
[Site "Slovakia"]
[Date "2015.03.08"]
[Round "10.6"]
[White "Koutny, Petr"]
[Black "Pribila, Gerhart"]
[Result "1-0"]
[WhiteElo "2095"]
[BlackElo "2060"]
[PlyCount "85"]
[EventDate "2014.10.19"]
[EventType "team-tourn"]
[EventRounds "11"]
[EventCountry "SVK"]
[SourceTitle "EXT 2019"]
[Source "ChessBase"]
[SourceDate "2018.10.10"]
[SourceVersion "1"]
[SourceVersionDate "2018.10.10"]
[SourceQuality "1"]

1. e4 c5 2. Nf3 e6 3. d4 cxd4 4. Nxd4 Nc6 5. Be2 Nf6 6. Nc3 Bb4 7. Nxc6 bxc6 8. Bd3 d5 9. e5 d4 10. a3 Bf8 11. exf6 dxc3 12. Qf3 Bd7 13. fxg7 Bxg7 14. b3 Qf6 15. Qg3 Qe5+ 16. Be3 h5 17. Qxe5 Bxe5 18. f4 Bf6 19. 0-0 Rc8 20. b4 Rg8 21. Bxa7 c5 22. Rfe1 cxb4 23. axb4 Ra8 24. Bf2 Rxa1 25. Rxa1 Bc6 26. g3 h4 27. b5 Bf3 28. Bf1 hxg3 29. hxg3 Kd7 30. Bg2 Bxg2 31. Kxg2 e5 32. f5 e4 33. Bc5 Be5 34. Ra7+ Kc8 35. Ra8+ Bb8 36. Bd6 Kb7 37. Rxb8+ Rxb8 38. Bxb8 Kxb8 39. Kf2 Kc7 40. Ke3 Kb6 41. Kxe4 Kxb5 42. Kd4 f6 43. g4 1-0

[Event "SVK-chT3A2 1415"]
[Site "Slovakia"]
[Date "2015.02.08"]
[Round "8.5"]
[White "Malar, Pavol"]
[Black "Pribila, Gerhart"]
[Result "1/2-1/2"]
[WhiteElo "2062"]
[BlackElo "2060"]
[PlyCount "60"]
[EventDate "2014.10.19"]
[EventType "team-tourn"]
[EventRounds "11"]
[EventCountry "SVK"]
[SourceTitle "EXT 2019"]
[Source "ChessBase"]
[SourceDate "2018.10.10"]
[SourceVersion "1"]
[SourceVersionDate "2018.10.10"]
[SourceQuality "1"]

1. e4 c5 2. Nc3 e6 3. f4 Nc6 4. Nf3 g6 5. Bc4 a6 6. a4 Bg7 7. 0-0 Nge7 8. d3 d5 9. Bb3 0-0 10. Qe1 Nd4 11. Nxd4 cxd4 12. Nd1 dxe4 13. dxe4 b6 14. Nf2 Bb7 15. Bd2 a5 16. Nd3 Qc7 17. Qe2 Qc6 18. Rae1 Rac8 19. Rf2 Ba6 20. Qg4 Qd6 21. Ne5 Rc5 22. Nd3 Rcc8 23. f5 exf5 24. exf5 gxf5 25. Qg5 Ng6 26. Qxf5 Bc4 27. Bxc4 Rxc4 28. Re8 Rc7 29. Rxf8+ Qxf8 30. Bg5 Qd6 1/2-1/2

[Event "SVK-chT3A2 1415"]
[Site "Slovakia"]
[Date "2014.11.30"]
[Round "4.3"]
[White "Pribila, Gerhart"]
[Black "Gasa, Patrik"]
[Result "0-1"]
[WhiteElo "2060"]
[BlackElo "2074"]
[PlyCount "134"]
[EventDate "2014.10.19"]
[EventType "team-tourn"]
[EventRounds "11"]
[EventCountry "SVK"]
[SourceTitle "EXT 2019"]
[Source "ChessBase"]
[SourceDate "2018.10.10"]
[SourceVersion "1"]
[SourceVersionDate "2018.10.10"]
[SourceQuality "1"]

1. e4 c5 2. c3 d6 3. d4 Nf6 4. Bd3 Nc6 5. Nf3 Bg4 6. d5 Bxf3 7. Qxf3 Ne5 8. Bb5+ Nfd7 9. Qe2 a6 10. Ba4 b5 11. Bc2 g6 12. f4 Nc4 13. Nd2 Nxd2 14. Bxd2 Bg7 15. 0-0 0-0 16. Rad1 Qb6 17. Be3 Qa5 18. Bb1 Rab8 19. Kh1 b4 20. cxb4 Qxb4 21. b3 a5 22. Rc1 Nb6 23. Bd2 Qa3 24. Rc2 a4 25. Bc1 Qb4 26. Bd2 Qa3 27. b4 c4 28. Rf3 c3 29. Bxc3 Bxc3 30. Rcxc3 Qxb4 31. Bc2 Rbc8 32. Rxc8 Rxc8 33. h3 Qb2 34. Bd3 Qxe2 35. Bxe2 Rc2 36. Bb5 Rxa2 37. Rc3 a3 38. Rc6 Rb2 39. Rxb6 a2 40. Ra6 Rb1+ 41. Kh2 a1Q 42. Rxa1 Rxa1 43. Be2 Re1 44. Bf3 Kg7 45. Kg3 f5 46. Kf2 Ra1 47. e5 Ra3 48. g4 fxg4 49. Bxg4 h5 50. Be6 dxe5 51. fxe5 g5 52. Bf5 Kf8 53. d6 exd6 54. exd6 Ke8 55. Bg6+ Kd7 56. Bxh5 Kxd6 57. Bg4 Ke5 58. Kg2 Kf4 59. Kf2 Ra2+ 60. Be2 Rb2 61. Kf1 Kg3 62. Bg4 Rb1+ 63. Ke2 Rh1 64. Bc8 Rxh3 65. Bxh3 Kxh3 66. Kf2 g4 67. Kg1 Kg3 0-1

[Event "SVK-chT3A2 1314"]
[Site "Slovakia"]
[Date "2014.03.23"]
[Round "11.6"]
[White "Jablonicky, Martin"]
[Black "Pribila, Gerhart"]
[Result "1/2-1/2"]
[WhiteElo "1967"]
[BlackElo "2076"]
[PlyCount "38"]
[EventDate "2013.10.13"]
[EventType "team-tourn"]
[EventRounds "11"]
[EventCountry "SVK"]
[SourceTitle "EXT 2015"]
[Source "ChessBase"]
[SourceDate "2014.11.20"]
[SourceVersion "1"]
[SourceVersionDate "2014.11.20"]
[SourceQuality "1"]
[WhiteTeam "Trnava Modranka"]
[BlackTeam "Gbely Nafta"]
[WhiteTeamCountry "SVK"]
[BlackTeamCountry "SVK"]

1. e4 c5 2. Nf3 e6 3. d4 cxd4 4. Nxd4 Nc6 5. Nc3 Qc7 6. Ndb5 Qb8 7. Be3 a6 8. Nd4 Qc7 9. Bd3 Nf6 10. 0-0 Be7 11. a4 0-0 12. Nb3 Ne5 13. f4 Nc4 14. Bxc4 Qxc4 15. Qd3 Qxd3 16. cxd3 d5 17. Bd4 dxe4 18. dxe4 Bd7 19. e5 Nd5 1/2-1/2

[Event "SVK-chT3A2 1314"]
[Site "Slovakia"]
[Date "2014.02.02"]
[Round "8.2"]
[White "Pribila, Gerhart"]
[Black "Kapusta, Petr"]
[Result "0-1"]
[WhiteElo "2076"]
[BlackElo "2139"]
[PlyCount "106"]
[EventDate "2013.10.13"]
[EventType "team-tourn"]
[EventRounds "11"]
[EventCountry "SVK"]
[SourceTitle "EXT 2015"]
[Source "ChessBase"]
[SourceDate "2014.11.20"]
[SourceVersion "1"]
[SourceVersionDate "2014.11.20"]
[SourceQuality "1"]
[WhiteTeam "Gbely Nafta"]
[BlackTeam "Skalica"]
[WhiteTeamCountry "SVK"]
[BlackTeamCountry "SVK"]

1. e4 c5 2. c3 d5 3. exd5 Qxd5 4. d4 e5 5. dxe5 Qxd1+ 6. Kxd1 Nc6 7. f4 Bg4+ 8. Be2 0-0-0+ 9. Ke1 Bf5 10. Nf3 f6 11. Na3 Nge7 12. exf6 gxf6 13. Nc4 Nd5 14. Ne3 Be4 15. Nxd5 Rxd5 16. Kf2 Bh6 17. Rd1 Ne7 18. Rxd5 Nxd5 19. g3 Re8 20. Nd2 Bg6 21. Nc4 Bf8 22. Ne3 Nc7 23. Bd2 b5 24. Bg4+ Kb8 25. Bf5 c4 26. Bxg6 hxg6 27. Nc2 Nd5 28. Re1 Bc5+ 29. Kf3 Rd8 30. Re2 f5 31. Nd4 Bxd4 32. cxd4 b4 33. Re5 c3 34. bxc3 bxc3 35. Bc1 Nf6 36. Rc5 Ne4 37. Rc4 Rh8 38. h4 Kb7 39. Be3 Re8 40. Rb4+ Kc6 41. Ra4 Kb5 42. Rxa7 Kc4 43. Bc1 Kd3 44. Ba3 Nd2+ 45. Kf2 Re2+ 46. Kg1 Nf3+ 47. Kf1 Rxa2 48. d5 c2 49. d6 c1Q+ 50. Bxc1 Rxa7 51. Bb2 Rd7 52. Kg2 Kc4 53. Ba3 Nd4 0-1

[Event "SVK-chT3A2 1314"]
[Site "Slovakia"]
[Date "2013.12.15"]
[Round "5.4"]
[White "Pribila, Gerhart"]
[Black "Sefcik, Marek"]
[Result "1/2-1/2"]
[WhiteElo "2076"]
[BlackElo "2030"]
[PlyCount "56"]
[EventDate "2013.10.13"]
[EventType "team-tourn"]
[EventRounds "11"]
[EventCountry "SVK"]
[SourceTitle "EXT 2015"]
[Source "ChessBase"]
[SourceDate "2014.11.20"]
[SourceVersion "1"]
[SourceVersionDate "2014.11.20"]
[SourceQuality "1"]
[WhiteTeam "Gbely Nafta"]
[BlackTeam "Holic"]
[WhiteTeamCountry "SVK"]
[BlackTeamCountry "SVK"]

1. e4 e6 2. d4 b6 3. Nf3 Bb7 4. Bd3 d5 5. e5 c5 6. c3 Nc6 7. a3 Qd7 8. 0-0 a5 9. b3 Ba6 10. Bxa6 Rxa6 11. Qe2 Ra8 12. Rd1 Nge7 13. Nbd2 cxd4 14. cxd4 Nf5 15. Nf1 g6 16. Bg5 Be7 17. Bxe7 Nfxe7 18. Ne3 h5 19. Rac1 Qb7 20. Rd3 Rc8 21. Rdc3 Na7 22. Rxc8+ Naxc8 23. Qb5+ Kf8 24. Qd3 Kg7 25. Rc3 Na7 26. a4 Rc8 27. Nc2 Rxc3 28. Qxc3 Qc8 1/2-1/2

[Event "SVK-chT3A2 1314"]
[Site "Slovakia"]
[Date "2013.12.01"]
[Round "4.4"]
[White "Sturdik, Igor"]
[Black "Pribila, Gerhart"]
[Result "1-0"]
[WhiteElo "2017"]
[BlackElo "2076"]
[PlyCount "87"]
[EventDate "2013.10.13"]
[EventType "team-tourn"]
[EventRounds "11"]
[EventCountry "SVK"]
[SourceTitle "EXT 2015"]
[Source "ChessBase"]
[SourceDate "2014.11.20"]
[SourceVersion "1"]
[SourceVersionDate "2014.11.20"]
[SourceQuality "1"]
[WhiteTeam "Trnava Lokomotiva III"]
[BlackTeam "Gbely Nafta"]
[WhiteTeamCountry "SVK"]
[BlackTeamCountry "SVK"]

1. e4 c5 2. Nf3 e6 3. d4 cxd4 4. Nxd4 Nc6 5. Nc3 Qc7 6. Be3 a6 7. Qd2 Nf6 8. 0-0-0 Be7 9. f3 0-0 10. h4 b5 11. g4 Bb7 12. h5 b4 13. Nce2 d5 14. g5 Nxd4 15. Nxd4 Ne8 16. g6 dxe4 17. gxf7+ Kxf7 18. Bh3 Bc8 19. fxe4 e5 20. Ne6 Qa5 21. Nxf8 Kxf8 22. Qd5 Qxd5 23. exd5 Bd6 24. Rhf1+ Kg8 25. Be6+ Bxe6 26. dxe6 a5 27. h6 gxh6 28. Bxh6 Rc8 29. Rf7 Bc5 30. Rdf1 Nc7 31. Rg7+ Kh8 32. Rff7 Nxe6 33. Rxh7+ Kg8 34. Rd7 a4 35. Rhf7 a3 36. bxa3 bxa3 37. Rf3 Rc7 38. Rg3+ Kh8 39. Bg7+ Kh7 40. Rxc7 Nxc7 41. Bxe5 Nd5 42. Kb1 Ne3 43. Rg7+ Kh6 44. Rc7 1-0

[Event "SVK-chT3A2 1314"]
[Site "Slovakia"]
[Date "2013.11.10"]
[Round "3.3"]
[White "Pribila, Gerhart"]
[Black "Takacs, Laszlo"]
[Result "0-1"]
[WhiteElo "2076"]
[BlackElo "2130"]
[PlyCount "92"]
[EventDate "2013.10.13"]
[EventType "team-tourn"]
[EventRounds "11"]
[EventCountry "SVK"]
[SourceTitle "EXT 2015"]
[Source "ChessBase"]
[SourceDate "2014.11.20"]
[SourceVersion "1"]
[SourceVersionDate "2014.11.20"]
[SourceQuality "1"]
[WhiteTeam "Gbely Nafta"]
[BlackTeam "Velky Meder MSK Corvin"]
[WhiteTeamCountry "SVK"]
[BlackTeamCountry "SVK"]

1. Nf3 Nf6 2. c4 g6 3. b4 a5 4. b5 Bg7 5. Bb2 0-0 6. g3 d5 7. cxd5 Nxd5 8. Bxg7 Kxg7 9. Bg2 Nd7 10. 0-0 N7f6 11. Qc2 Bd7 12. a4 Rc8 13. Qb2 Kg8 14. Ne5 c6 15. Nxd7 Qxd7 16. Na3 Qg4 17. d3 Qxa4 18. bxc6 Qxc6 19. Nc4 b6 20. Qe5 Rfd8 21. Rab1 Qc5 22. h3 a4 23. Nxb6 Nc3 24. Qxc5 Rxc5 25. Ra1 Nxe2+ 26. Kh2 Rxd3 27. Rxa4 Rc2 28. Rc4 Ra2 29. Ra4 Rc2 30. Rc4 Rb2 31. Na4 Ra2 32. Nc5 Rdd2 33. Ne4 Nxe4 34. Rxe4 e6 35. Re3 Kg7 36. Bf3 Nd4 37. Kg2 f5 38. Ree1 Ra3 39. Bb7 Nc2 40. Rxe6 Ne3+ 41. Rxe3 Rxe3 42. Bf3 Rb3 43. Rd1 Rdb2 44. Rd7+ Kh6 45. h4 Rc3 46. h5 Rcc2 0-1

[Event "SVK-chT3A2 1213"]
[Site "Slovakia"]
[Date "2013.03.10"]
[Round "10.3"]
[White "Lanik, Miroslav"]
[Black "Pribila, Gerhart"]
[Result "0-1"]
[WhiteElo "1945"]
[BlackElo "2080"]
[PlyCount "70"]
[EventDate "2012.10.07"]
[EventType "team-tourn"]
[EventRounds "11"]
[EventCountry "SVK"]
[SourceTitle "EXT 2015"]
[Source "ChessBase"]
[SourceDate "2014.11.20"]
[SourceVersion "1"]
[SourceVersionDate "2014.11.20"]
[SourceQuality "1"]
[WhiteTeam "Senica SK"]
[BlackTeam "Gbely Nafta"]
[WhiteTeamCountry "SVK"]
[BlackTeamCountry "SVK"]

1. e4 c5 2. Nf3 e6 3. d4 cxd4 4. Nxd4 a6 5. Nc3 b5 6. g3 Bb7 7. Bg2 Nf6 8. Qd3 Qb6 9. Nb3 b4 10. Be3 Qc6 11. Nd4 Qc7 12. Nce2 Ng4 13. 0-0 Nxe3 14. fxe3 Be7 15. c3 bxc3 16. Nxc3 Nc6 17. Nxc6 Bxc6 18. Rac1 Qb7 19. Rf2 0-0 20. a3 Rac8 21. Rd1 Qb6 22. b4 Bg5 23. Re1 Bf6 24. Rc2 Qb7 25. Rec1 Rfd8 26. Qd6 Qa7 27. Kf2 Bg5 28. Nd1 Rb8 29. h4 Bh6 30. Rc5 g6 31. Nc3 Bf8 32. Qf4 Bxc5 33. bxc5 Rb2+ 34. Kg1 Qxc5 35. Rf1 Qe7 0-1

[Event "SVK-chT3A2 1213"]
[Site "Slovakia"]
[Date "2013.01.27"]
[Round "7.6"]
[White "Pribila, Gerhart"]
[Black "Sturdik, Igor"]
[Result "1/2-1/2"]
[WhiteElo "2080"]
[BlackElo "2027"]
[PlyCount "148"]
[EventDate "2012.10.07"]
[EventType "team-tourn"]
[EventRounds "11"]
[EventCountry "SVK"]
[SourceTitle "EXT 2015"]
[Source "ChessBase"]
[SourceDate "2014.11.20"]
[SourceVersion "1"]
[SourceVersionDate "2014.11.20"]
[SourceQuality "1"]
[WhiteTeam "Gbely Nafta"]
[BlackTeam "Trnava Lokomotiva Solartec III"]
[WhiteTeamCountry "SVK"]
[BlackTeamCountry "SVK"]

1. d4 Nf6 2. c4 c5 3. d5 e6 4. Nc3 exd5 5. cxd5 d6 6. g3 g6 7. Nf3 Bg7 8. Bg2 0-0 9. 0-0 Re8 10. Nd2 b6 11. a4 Ba6 12. Re1 Nbd7 13. Nb5 Ne5 14. h3 g5 15. Qc2 Bb7 16. e4 a6 17. Nc3 Nfd7 18. Nf1 Ng6 19. Ne3 Nde5 20. Nf5 Bf6 21. f4 gxf4 22. gxf4 Nc4 23. Qe2 Bc8 24. Nh6+ Kg7 25. Qxc4 Bd4+ 26. Kh1 Qh4 27. Qf1 Kxh6 28. f5+ Kg7 29. fxg6 hxg6 30. Be3 Rh8 31. Qf4 Bxh3 32. Qxh4 Bxg2+ 33. Kxg2 Rxh4 34. Bxd4+ cxd4 35. Nd1 Rc8 36. Nf2 Rc2 37. Kg3 g5 38. Rad1 Rxb2 39. Rxd4 f5 40. Rd3 f4+ 41. Kf3 Rc2 42. e5 dxe5 43. Rxe5 Kf6 44. Re2 Rxe2 45. Kxe2 Rh7 46. Kf3 Kf5 47. d6 Rd7 48. Rd1 b5 49. axb5 axb5 50. Rd5+ Ke6 51. Rxb5 Kxd6 52. Ne4+ Kc6 53. Rc5+ Kb6 54. Rxg5 Rf7 55. Nd6 Rf6 56. Nf5 Rc6 57. Kxf4 Rc1 58. Ke5 Rd1 59. Nd4 Kc5 60. Ne6+ Kc4 61. Rg4+ Kc3 62. Nc7 Re1+ 63. Kd5 Rd1+ 64. Kc5 Kd3 65. Nd5 Rc1+ 66. Kd6 Rd1 67. Rg3+ Kd4 68. Rg4+ Kd3 69. Rg2 Kc4 70. Rc2+ Kd4 71. Rc3 Ke4 72. Rc4+ Rd4 73. Rc5 Rd1 74. Kc6 Rh1 1/2-1/2